serun
ՀԱՅ ԳԻՐՔ = Armenian Book

101 hajren : (Record no. 119803)

000 -LEADER
fixed length control field 00740nam a2200229 u 4500
001 - CONTROL NUMBER
control field 001071536
003 - CONTROL NUMBER IDENTIFIER
control field AM-YeNLA
005 - DATE AND TIME OF LATEST TRANSACTION
control field 20160408111633.0
008 - FIXED-LENGTH DATA ELEMENTS--GENERAL INFORMATION
fixed length control field 150409s2013 hu r 000 0 hun d
020 ## - INTERNATIONAL STANDARD BOOK NUMBER
International Standard Book Number 9786155037085
040 ## - CATALOGING SOURCE
Original cataloging agency AM-YeNLA
Language of cataloging hunarm
Transcribing agency AM-YeNLA
041 0# - LANGUAGE CODE
Language code of text/sound track or separate title hunarm
100 0# - MAIN ENTRY--PERSONAL NAME
Personal name Նահապետ Քուչակ,
Dates associated with a name (XVI դ. սկ.-1592)
9 (RLIN) 32522
245 10 - TITLE STATEMENT
Title 101 hajren :
Remainder of title Középkori örmény szerelmesversek /
Statement of responsibility, etc. Nahapet Kucsak.
260 ## - PUBLICATION, DISTRIBUTION, ETC. (IMPRINT)
Place of publication, distribution, etc. Budapesten :
Name of publisher, distributor, etc. Romanika Kiadó,
Date of publication, distribution, etc. 2013.
300 ## - PHYSICAL DESCRIPTION
Extent 101 p. :
Other physical details ill. ;
Dimensions 23 cm.
500 ## - GENERAL NOTE
General note With hardcover
546 ## - LANGUAGE NOTE
Language note Տեքստը՝ հայերեն ու հունգարերեն
650 #0 - SUBJECT ADDED ENTRY--TOPICAL TERM
Topical term or geographic name as entry element Հայ միջնադարյան պոեզիա
653 ## - INDEX TERM--UNCONTROLLED
Uncontrolled term ՀԱԳ
942 ## - ADDED ENTRY ELEMENTS (KOHA)
Source of classification or shelving scheme
Koha item type Books

No items available.

Հայաստանի ազգային գրադարան ՀՀ, 0009,Երևան, Տերյան 72
Հետադարձ կապ